Ochrana značky na zahraničných trhoch

Pojem značka, charakteristika silnej značky. Analýza pozície značkových výrobkov nemeckých producentov na čínskom trhu. Vo väzbe na tento cieľ sa skúmajú štyri vedecké hypotézy. Vplyv marketingovej stratégie na stratégiu vstupu na čínsky trh. Poznatky empirického výskumu.

Guardado en:
Detalles Bibliográficos
Autor principal: Reheis, Markus
Otros Autores: Lesáková, Dagmar, 1949-
Formato: Capítulo de libro
Lenguaje:eslovaco
Materias:
Etiquetas: Agregar Etiqueta
Sin Etiquetas, Sea el primero en etiquetar este registro!

MARC

LEADER 00000nla$a2200000$$$4500
001 0142206
005 20240502072540.7
041 0 |a slo 
044 |a SK 
245 1 0 |a Ochrana značky na zahraničných trhoch  |c Markus Reheis, Dagmar Lesáková 
520 |a Pojem značka, charakteristika silnej značky. Analýza pozície značkových výrobkov nemeckých producentov na čínskom trhu. Vo väzbe na tento cieľ sa skúmajú štyri vedecké hypotézy. Vplyv marketingovej stratégie na stratégiu vstupu na čínsky trh. Poznatky empirického výskumu. 
610 2 0 |a značky výrobkov 
610 2 0 |a ochrana autorstva 
610 2 0 |a trh zahraničný 
610 2 0 |a Čína 
100 1 |a Reheis, Markus 
700 1 |a Lesáková, Dagmar, 1949-